| 000 | 00644nam a2200205 a 4500 | ||
|---|---|---|---|
| 001 | 000021936 | ||
| 005 | 20200930011518.0 | ||
| 008 | 100914s1980 mx a r 000 0 spa d | ||
| 040 |
_aDO-SdBNP _bspa _cBNPHU |
||
| 082 |
_aNNN _bI11f, 1980 |
||
| 100 | 1 |
_aIanni, Octavio, _d1926-2004 _945517 |
|
| 245 | 1 | 0 |
_aLa formación del estado populista en América Latina / _cOctavio Ianni. |
| 250 | _a2a ed. | ||
| 260 |
_aMéxico : _bEra, _c1980. |
||
| 300 |
_a177, [13] p. ; _c18 cm. |
||
| 490 | 1 |
_aPopular era _v30 |
|
| 500 | _aIncluye notas y referencias bibliográficas al pie de las páginas | ||
| 830 | 0 |
_aPopular era ; _v30 _927371 |
|
| 049 | _aBNGR | ||
| 999 |
_c21434 _d21434 |
||